[Event "LSS OP-2009-0-01008"]
[Site "LSS email"]
[Date "2009.12.02"]
[Round "?"]
[White "Ter, Ragu"]
[Black "Checa, Nicholas de T"]
[Result "1-0"]
[WhiteElo "801"]
[BlackElo "710"]
[PlyCount "53"]
[EventDate "2009.11.24"]
[EventType "tourn (corr)"]
[EventRounds "4"]
[EventCountry "GER"]
[SourceTitle "Corr 2013"]
[Source "ChessBase"]
[SourceDate "2012.11.12"]
[SourceVersion "1"]
[SourceVersionDate "2012.11.12"]
[SourceQuality "1"]

1. e4 c5 2. Bc4 d6 3. Nf3 Nf6 4. Ng5 e6 5. d3 Be7 6. Nc3 d5 7. exd5 exd5 8. Bb3 Bd7 9. Bf4 Nc6 10. Nxd5 Nxd5 11. Bxd5 0-0 12. Qh5 h6 13. Nxf7 Rxf7 14. Qxf7+ Kh8 15. Qh5 Bg5 16. g3 Bxf4 17. gxf4 Nd4 18. 0-0-0 Ba4 19. Rd2 Be8 20. Bf7 Bxf7 21. Qxf7 Qb6 22. Rg1 Rg8 23. Rg3 Qa6 24. f3 Qc6 25. Rdg2 Ne6 26. Rg6 Qxf3 27. Rxh6+ 1-0

[Event "LSS SN-2009-0-00202"]
[Site "LSS email"]
[Date "2009.12.01"]
[Round "?"]
[White "Ruchay, Joachim"]
[Black "Ter, Ragu"]
[Result "1-0"]
[WhiteElo "809"]
[BlackElo "774"]
[PlyCount "115"]
[EventDate "2009.11.09"]
[EventType "tourn (corr)"]
[EventRounds "6"]
[EventCountry "GER"]
[SourceTitle "Corr 2013"]
[Source "ChessBase"]
[SourceDate "2012.11.12"]
[SourceVersion "1"]
[SourceVersionDate "2012.11.12"]
[SourceQuality "1"]
[WhiteTeam "US of America"]
[BlackTeam "US of America"]
[WhiteTeamCountry "USA"]
[BlackTeamCountry "USA"]

1. e4 e5 2. Nf3 Nc6 3. Bb5 Bc5 4. 0-0 a6 5. Bxc6 dxc6 6. Nxe5 Be6 7. Nf3 Bg4 8. d3 Qd7 9. Nbd2 0-0-0 10. h3 Bxh3 11. gxh3 Qxh3 12. Ng5 Qd7 13. Qf3 f6 14. Nh3 g5 15. Qf5 g4 16. Qxd7+ Rxd7 17. Nf4 g3 18. Nb3 Bb6 19. Be3 gxf2+ 20. Bxf2 Rg7+ 21. Kh2 Rg4 22. Bxb6 cxb6 23. Nd4 h5 24. Nf5 Kd7 25. Kh3 Ne7 26. Nxe7 Kxe7 27. Rae1 Rg5 28. e5 f5 29. Re3 Rhg8 30. Rff3 Rg1 31. Kh2 R1g4 32. Ne2 Rg2+ 33. Kh3 c5 34. Rxf5 R8g5 35. Rxg5 Rxg5 36. Ng3 Ke6 37. c3 b5 38. Ne4 Rxe5 39. Nxc5+ Kf5 40. Rxe5+ Kxe5 41. Nxb7 Kd5 42. d4 Kc6 43. Nc5 a5 44. Kh4 a4 45. Kxh5 Kd5 46. Kg5 Kc4 47. Kf5 b4 48. Ne4 bxc3 49. bxc3 a3 50. Ke5 Kd3 51. d5 Kc2 52. d6 Kb2 53. d7 Kxa2 54. d8Q Kb2 55. Qa8 a2 56. c4 a1Q 57. Qxa1+ Kxa1 58. c5 1-0

[Event "LSS SN-2009-0-00201"]
[Site "LSS email"]
[Date "2009.11.27"]
[Round "?"]
[White "Mori, Roberto"]
[Black "Ter, Ragu"]
[Result "1-0"]
[WhiteElo "695"]
[BlackElo "788"]
[PlyCount "77"]
[EventDate "2009.11.02"]
[EventType "tourn (corr)"]
[EventRounds "6"]
[EventCountry "GER"]
[SourceTitle "Corr 2013"]
[Source "ChessBase"]
[SourceDate "2012.11.12"]
[SourceVersion "1"]
[SourceVersionDate "2012.11.12"]
[SourceQuality "1"]
[WhiteTeam "US of America"]
[BlackTeam "US of America"]
[WhiteTeamCountry "USA"]
[BlackTeamCountry "USA"]

1. e4 e5 2. Nf3 Nc6 3. Bb5 Bc5 4. h3 a6 5. Bc4 Nf6 6. Ng5 d5 7. exd5 Nxd5 8. Nxf7 Kxf7 9. Qf3+ Qf6 10. Bxd5+ Be6 11. Bxc6 bxc6 12. Qxf6+ Kxf6 13. 0-0 Rhf8 14. Nc3 Ke7 15. Ne4 Bb6 16. b3 Rf4 17. d3 Rf5 18. Ng5 h6 19. Ne4 Raf8 20. Ba3+ c5 21. Nxc5 Kd6 22. Nxa6+ c5 23. b4 Ra8 24. b5 Rc8 25. Rfe1 Kd7 26. Red1 Ke8 27. Re1 c4 28. Nb4 Bxf2+ 29. Kh1 Bxe1 30. Rxe1 Kf7 31. Nc6 cxd3 32. cxd3 Rf2 33. Kg1 Rxa2 34. Nxe5+ Kf6 35. Bd6 Rcc2 36. Rf1+ Kg5 37. Be7+ Kh5 38. g4+ Bxg4 39. hxg4# 1-0

[Event "LSS ZN-2009-0-00769"]
[Site "LSS email"]
[Date "2009.10.18"]
[Round "?"]
[White "Barna, Tamas Jr"]
[Black "Ter, Ragu"]
[Result "0-1"]
[WhiteElo "541"]
[BlackElo "792"]
[PlyCount "106"]
[EventDate "2009.10.15"]
[EventType "match (corr)"]
[EventRounds "2"]
[EventCountry "GER"]
[SourceTitle "Corr 2013"]
[Source "ChessBase"]
[SourceDate "2012.11.12"]
[SourceVersion "1"]
[SourceVersionDate "2012.11.12"]
[SourceQuality "1"]

1. e4 e5 2. Nf3 Nc6 3. d4 exd4 4. Nxd4 Bc5 5. Be3 Nxd4 6. Bxd4 Bb4+ 7. c3 Ba5 8. Bxg7 f6 9. Bxh8 Kf8 10. Qg4 Qe7 11. Bc4 Nh6 12. Qh5 Qxe4+ 13. Be2 Qg6 14. Qxg6 hxg6 15. Bxf6 Kf7 16. Bg5 Nf5 17. Bc4+ Kg7 18. 0-0 d6 19. b4 Bb6 20. g4 Nh6 21. Bxh6+ Kxh6 22. a4 a5 23. b5 Bxg4 24. Nd2 Rf8 25. Rae1 Bh3 26. Ne4 Bxf1 27. Rxf1 g5 28. Be2 Rf4 29. Ng3 Rxa4 30. Kg2 Ra2 31. Re1 a4 32. Bc4 Rxf2+ 33. Kh1 Rf6 34. Ne4 Rf4 35. Be6 a3 36. Ng3 Ra4 37. Ra1 c6 38. bxc6 bxc6 39. Nf5+ Kg6 40. Nxd6 Kf6 41. Ba2 Ba5 42. c4 Bb6 43. Kg2 Rb4 44. Kf3 Rb2 45. h3 Rf2+ 46. Kg3 Re2 47. Kf3 Rc2 48. Kg4 Re2 49. h4 gxh4 50. Kxh4 Ke5 51. Nf7+ Kf4 52. Kh3 Ke3 53. Ne5 Bd4 0-1